| 000 | 01526nam a2200121Ia 4500 | ||
|---|---|---|---|
| 008 | 220615s9999||||xx |||||||||||||| ||und|| | ||
| 100 | _aCirella, Giuseppe||Russo, Alessio | ||
| 245 | 0 | _aSustainable Interdisciplinarity: Human-Nature Relations | |
| 546 | _aEnglish[eng] | ||
| 650 | _abike-share||sustainable tourism and hospitality||Cambodia||interdisciplinary societal studies||Fujian Province||ecotourism||spatial analysis||urban spatial variables||urban climate zones||restoration||interior components||determinants||Cheonggye Stream||elderly people||sustainability||ridership||Suseongdong Valley||GIS||collective forest||concept of landscape||community livelihood||evidence-based design||network analysis||sustainable architectural design||sociodemographic determinants||human geography||sustainable interior design||participation||income||politics||mathematical climate simulation modeling||environmental contextualization||community forest||ideology||air temperature||Alzheimer||dementia-friendly cities||spatial statistical analysis||sustainable water management||adaptive reuse||China||healing gardens||age-sensitive landscape design||SES framework||recycling||bicycle-sharing systems||GM food||Korean culture||urban climate||sustainable tourism||stakeholder collaboration||food safety||economics||Czech Republic||environment||policy making||performance||culture||regression||nature reserve||urban planning and design||healthy public space design | ||
| 856 | _uhttps://www.mdpi.com/books/pdfview/book/1981 | ||
| 942 | _cEB | ||
| 999 |
_c11466 _d11466 |
||